[Event "C.to Italiano U16"]
[Site "Porretta Terme ITA"]
[Date "2011.07.03"]
[Round "1"]
[White "Altini, Nicola"]
[Black "Mastrantonio, Giuseppe"]
[Result "1-0"]
[WhiteElo "2267"]
[BlackElo "1711"]
[PlyCount "35"]
[EventDate "2011.07.03"]

1. Nf3 d5 2. c4 c6 3. g3 e6 4. Bg2 Bd6 5. O-O Nf6 6. d4 Nbd7 7. Nbd2 O-O 8. b3
e5 9. dxe5 Nxe5 10. Bb2 Ng6 11. cxd5 cxd5 12. Nd4 Be6 13. e4 dxe4 14. Nxe6 fxe6
15. Nxe4 Nxe4 16. Bxe4 Ne5 17. Bxe5 Bxe5 18. Qh5 1-0

[Event "C.to Italiano U16"]
[Site "Porretta Terme ITA"]
[Date "2011.07.03"]
[Round "1"]
[White "Pannella, Leopoldo"]
[Black "Spornberger, Maximilian"]
[Result "0-1"]
[WhiteElo "1692"]
[BlackElo "2155"]
[PlyCount "50"]
[EventDate "2011.07.03"]

1. d4 g6 2. e4 Bg7 3. Nf3 d6 4. Bc4 e6 5. Nc3 Ne7 6. Be3 a6 7. Qd2 h6 8. O-O-O
b5 9. Bd3 Nd7 10. h4 Bb7 11. h5 g5 12. Nh2 c5 13. dxc5 Nxc5 14. Bxc5 dxc5 15.
Qe3 Bd4 16. Qe1 Qa5 17. Nf3 Bxc3 18. Qxc3 Qxc3 19. bxc3 c4 20. Be2 Bxe4 21. Rd4
Bb7 22. Rhd1 Nd5 23. Kb2 Nb6 24. Ne5 Na4+ 25. Ka3 Nxc3 0-1

[Event "C.to Italiano U16"]
[Site "Porretta Terme ITA"]
[Date "2011.07.03"]
[Round "1"]
[White "Petrescu, Eduard"]
[Black "Boscolo, Federico"]
[Result "0-1"]
[WhiteElo "1705"]
[BlackElo "2210"]
[PlyCount "70"]
[EventDate "2011.07.03"]

1. d4 Nf6 2. Nf3 g6 3. e3 Bg7 4. Bd3 O-O 5. O-O d5 6. Nbd2 Nbd7 7. Re1 c5 8. c3
a6 9. b3 Qc7 10. Ba3 Re8 11. Qc2 e5 12. dxe5 Nxe5 13. Nxe5 Rxe5 14. Nf3 Re8 15.
h3 c4 16. Be2 Bf5 17. Qc1 Ne4 18. Nd4 cxb3 19. axb3 Qxc3 20. Qxc3 Nxc3 21. Bf3
Be4 22. Bxe4 dxe4 23. Rac1 Rac8 24. Bb2 Na2 25. Rxc8 Rxc8 26. Ra1 Nb4 27. Rc1
Rxc1+ 28. Bxc1 Bxd4 29. exd4 f5 30. Ba3 Nd5 31. Bd6 Kf7 32. Kf1 Ke6 33. Be5 Nb4
34. Ke2 Kd5 35. g4 Nc6 0-1

[Event "C.to Italiano U16"]
[Site "Porretta Terme ITA"]
[Date "2011.07.03"]
[Round "1"]
[White "Sorbera, Giovanni"]
[Black "Bullita, Simone"]
[Result "1-0"]
[WhiteElo "2197"]
[BlackElo "1698"]
[PlyCount "75"]
[EventDate "2011.07.03"]

1. e4 e6 2. d4 d5 3. Nc3 dxe4 4. Nxe4 Nd7 5. Nf3 Ngf6 6. Nxf6+ Nxf6 7. Bd3 c5
8. dxc5 Bxc5 9. O-O O-O 10. Bg5 b6 11. Qe2 Be7 12. Bxf6 Bxf6 13. Qe4 g6 14.
Qxa8 Qc7 15. Qe4 Bxb2 16. Rad1 f5 17. Qc4 Qe7 18. c3 Bb7 19. Qb4 Qxb4 20. cxb4
Bd5 21. Rb1 Bc3 22. Rfc1 Bf6 23. Bc4 Be4 24. Bxe6+ Kh8 25. Rb3 Re8 26. Rc8 Bd8
27. Ng5 Bd5 28. Rxd8 Rxd8 29. Nf7+ Kg7 30. Nxd8 Bxb3 31. Bxb3 Kf6 32. Nc6 a6
33. Nb8 a5 34. bxa5 bxa5 35. Nc6 a4 36. Bxa4 Ke6 37. Bb5 Kd6 38. a4 1-0

[Event "C.to Italiano U16"]
[Site "Porretta Terme ITA"]
[Date "2011.07.03"]
[Round "2"]
[White "Boscolo, Federico"]
[Black "Giovanzanti, Francesco"]
[Result "1-0"]
[WhiteElo "2210"]
[BlackElo "1828"]
[PlyCount "73"]
[EventDate "2011.07.03"]

1. e4 e5 2. Nf3 Nc6 3. Bb5 a6 4. Ba4 Nf6 5. O-O Nxe4 6. d4 b5 7. Bb3 d5 8. dxe5
Be6 9. Nbd2 Bc5 10. Qe2 O-O 11. Nxe4 dxe4 12. Qxe4 Bxb3 13. axb3 Nd4 14. Be3
Nxf3+ 15. Qxf3 Qe7 16. Bxc5 Qxc5 17. Qc3 Qe7 18. f4 f6 19. Rae1 Rad8 20. exf6
Qxf6 21. Qxf6 Rxf6 22. Re2 Rd4 23. g3 Rfd6 24. Rfe1 Rd1 25. Kf2 Rxe1 26. Kxe1
Kf7 27. b4 Rd4 28. c3 Rd6 29. Re5 Re6 30. Rxe6 Kxe6 31. Ke2 Kd5 32. Kd3 c5 33.
bxc5 Kxc5 34. b4+ Kd5 35. g4 g6 36. h3 h6 37. h4 1-0

[Event "C.to Italiano U16"]
[Site "Porretta Terme ITA"]
[Date "2011.07.03"]
[Round "2"]
[White "De Filomeno, Simone"]
[Black "Iezzi, Christian"]
[Result "1-0"]
[WhiteElo "2300"]
[BlackElo "1829"]
[PlyCount "109"]
[EventDate "2011.07.03"]

1. e4 e5 2. Nf3 Nc6 3. Bb5 Nf6 4. d3 d6 5. c3 a6 6. Ba4 Be7 7. Nbd2 b5 8. Bc2
O-O 9. Nf1 Re8 10. Ng3 Bf8 11. O-O g6 12. a4 Bb7 13. Be3 Bg7 14. Qc1 Nb8 15. h3
Nbd7 16. Nh2 d5 17. Bg5 c5 18. f4 Qb6 19. fxe5 Rxe5 20. Qf4 Re6 21. axb5 axb5
22. Rxa8+ Bxa8 23. Ng4 c4+ 24. Kh1 cxd3 25. Bb3 Qb8 26. Qxb8+ Nxb8 27. Bxf6 Rd6
28. e5 Re6 29. Bxg7 Kxg7 30. Rd1 Nd7 31. Rxd3 Nc5 32. Rxd5 Bxd5 33. Bxd5 Ra6
34. Nf2 Ra1+ 35. Kh2 Re1 36. Nge4 Nd7 37. e6 fxe6 38. Bxe6 Ne5 39. Kg3 Re2 40.
Kf4 Nc6 41. b4 Ne7 42. Ke5 h6 43. Bd7 g5 44. Bxb5 Ng6+ 45. Kd4 Rb2 46. g3 Ne7
47. Bd7 Kf7 48. b5 Kg6 49. c4 Nf5+ 50. Bxf5+ Kxf5 51. Nd3 Ra2 52. b6 Ra8 53.
Kd5 Rd8+ 54. Nd6+ Kf6 55. c5 1-0

[Event "C.to Italiano U16"]
[Site "Porretta Terme ITA"]
[Date "2011.07.03"]
[Round "2"]
[White "Giampieri, Stefano"]
[Black "Altini, Nicola"]
[Result "0-1"]
[WhiteElo "1847"]
[BlackElo "2267"]
[PlyCount "62"]
[EventDate "2011.07.03"]

1. d4 g6 2. c4 Bg7 3. Nc3 c5 4. d5 d6 5. e4 Nf6 6. Be2 O-O 7. Nf3 e5 8. Bg5 h6
9. Bh4 g5 10. Bg3 Nh5 11. O-O Nf4 12. Nd2 f5 13. exf5 Bxf5 14. Bg4 Bg6 15. Nde4
Qe7 16. Re1 Nd7 17. Bxf4 Rxf4 18. g3 Rff8 19. Be6+ Kh8 20. Bg4 Nf6 21. Nxf6
Qxf6 22. Qe2 a6 23. Na4 Qd8 24. Nc3 b5 25. cxb5 axb5 26. Qxb5 Qf6 27. Qe2 Rab8
28. Rac1 c4 29. Ne4 Bxe4 30. Qxe4 Qxf2+ 31. Kh1 Rxb2 0-1

[Event "C.to Italiano U16"]
[Site "Porretta Terme ITA"]
[Date "2011.07.03"]
[Round "2"]
[White "Mirata, Danilo"]
[Black "Sorbera, Giovanni"]
[Result "0-1"]
[WhiteElo "1830"]
[BlackElo "2197"]
[PlyCount "92"]
[EventDate "2011.07.03"]

1. d4 Nf6 2. c4 c5 3. d5 b5 4. Qc2 bxc4 5. e4 g6 6. Nc3 d6 7. Nf3 Nbd7 8. Bxc4
Bg7 9. a4 O-O 10. O-O Ng4 11. Bf4 Qa5 12. Nd2 Rb8 13. Bb5 a6 14. Bxd7 Bxd7 15.
Ra2 Rb7 16. h3 Ne5 17. Bxe5 Bxe5 18. Nc4 Qc7 19. Nxe5 dxe5 20. Rd1 Qd6 21. Qe2
Rb4 22. Raa1 Rfb8 23. Rd2 a5 24. Ra2 f6 25. g4 Rd4 26. Nb5 Bxb5 27. axb5 Qb6
28. Rxd4 exd4 29. Qd2 Qxb5 30. Rxa5 Qb6 31. Ra2 c4 32. Qc2 Qc5 33. Ra4 c3 34.
bxc3 dxc3 35. Ra2 Rb4 36. Kg2 Rc4 37. Ra6 Qb4 38. Rc6 Rxc6 39. dxc6 Qc4 40. Kf3
Qxc6 41. Ke3 Qc4 42. f3 Kg7 43. Kf2 Kf7 44. Ke3 Ke6 45. f4 Kd6 46. Kf3 Kc5 0-1

[Event "C.to Italiano U16"]
[Site "Porretta Terme ITA"]
[Date "2011.07.03"]
[Round "2"]
[White "Spornberger, Maximilian"]
[Black "Montalbano, Federico"]
[Result "1-0"]
[WhiteElo "2155"]
[BlackElo "1827"]
[PlyCount "103"]
[EventDate "2011.07.03"]

1. e4 e6 2. d3 d5 3. Nd2 c5 4. Ngf3 Nc6 5. g3 Bd6 6. Bg2 Nge7 7. O-O O-O 8. Re1
Qc7 9. c3 f6 10. Nf1 Bd7 11. h4 Be8 12. a3 dxe4 13. dxe4 Rd8 14. Qe2 e5 15. Ne3
Bf7 16. Nc4 Na5 17. Nfd2 a6 18. a4 Nxc4 19. Nxc4 Nc8 20. a5 Be7 21. Be3 Nd6 22.
Nb6 Nb5 23. h5 Qc6 24. Nd5 Rfe8 25. h6 Nc7 26. c4 g6 27. Ra3 Ne6 28. Rb3 Rd6
29. Qg4 Bd8 30. Rc1 Nd4 31. Bxd4 cxd4 32. c5 Rxd5 33. exd5 Bxd5 34. Bxd5+ Qxd5
35. Ra3 f5 36. Qf3 Qxf3 37. Rxf3 Bxa5 38. Rb3 Re7 39. c6 bxc6 40. Rxc6 Rd7 41.
Rb8+ Kf7 42. Rh8 Rd8 43. Rxh7+ Kg8 44. Rg7+ Kh8 45. Rgxg6 d3 46. Rgd6 d2 47.
Rxd8+ Bxd8 48. Rd6 Bg5 49. Kf1 Kh7 50. Ke2 Bxh6 51. Rxa6 Bg5 52. b4 1-0

[Event "C.to Italiano U16"]
[Site "Porretta Terme ITA"]
[Date "2011.07.05"]
[Round "3"]
[White "Altini, Nicola"]
[Black "Migliorini, Matteo"]
[Result "1-0"]
[WhiteElo "2267"]
[BlackElo "1896"]
[PlyCount "43"]
[EventDate "2011.07.03"]

1. Nf3 Nc6 2. d4 d5 3. Bf4 Bg4 4. Nbd2 e6 5. c3 Bd6 6. Bxd6 cxd6 7. e4 Nf6 8.
exd5 Nxd5 9. Bc4 Nf6 10. O-O O-O 11. h3 Bh5 12. g4 Bg6 13. Nh4 Ne4 14. Nxg6
Nxd2 15. Nxf8 Nxc4 16. Nxe6 fxe6 17. Qe2 d5 18. b3 Nb6 19. Qxe6+ Kh8 20. Rfe1
h6 21. Qf7 Qh4 22. Re3 1-0

[Event "C.to Italiano U16"]
[Site "Porretta Terme ITA"]
[Date "2011.07.05"]
[Round "3"]
[White "Brociner, Beniamino"]
[Black "De Filomeno, Simone"]
[Result "0-1"]
[WhiteElo "1897"]
[BlackElo "2300"]
[PlyCount "50"]
[EventDate "2011.07.03"]

1. e4 c5 2. Nf3 d6 3. d4 cxd4 4. Nxd4 Nf6 5. Nc3 a6 6. Bc4 e6 7. Bb3 Nbd7 8. f4
Nc5 9. e5 Nfd7 10. exd6 Nf6 11. Be3 Bxd6 12. Qf3 O-O 13. O-O-O Qc7 14. Rhg1 b6
15. g4 Bb7 16. Qf1 Rac8 17. g5 Nfe4 18. Nce2 Nxb3+ 19. axb3 Nc5 20. Kb1 b5 21.
Qh3 Nxb3 22. Nxb3 Qxc2+ 23. Ka2 Rc4 24. Rd4 Qxe2 25. Rxd6 Ra4+ 0-1

[Event "C.to Italiano U16"]
[Site "Porretta Terme ITA"]
[Date "2011.07.05"]
[Round "3"]
[White "Sorbera, Giovanni"]
[Black "Siclari, Giovanni"]
[Result "1-0"]
[WhiteElo "2197"]
[BlackElo "1898"]
[PlyCount "71"]
[EventDate "2011.07.03"]

1. e4 c5 2. Nf3 e6 3. c3 Nf6 4. e5 Nd5 5. d4 cxd4 6. cxd4 d6 7. Bc4 Nc6 8. exd6
Bxd6 9. Nc3 O-O 10. O-O Nxc3 11. bxc3 Qc7 12. Bd3 Ne7 13. c4 b6 14. Be3 Bb7 15.
h3 Rfd8 16. Qe2 Rac8 17. Rab1 Bf4 18. Rbc1 Nf5 19. Bxf5 exf5 20. d5 Re8 21. Qd3
Ba6 22. Qxf5 Rxe3 23. fxe3 Bxe3+ 24. Kh1 Bxc1 25. Rxc1 g6 26. Qf6 Bxc4 27. Ne5
b5 28. Rxc4 bxc4 29. d6 Qd8 30. Qxf7+ Kh8 31. d7 Rb8 32. Qxc4 Qf6 33. Qd4 Kg7
34. Nc6 Qxd4 35. Nxd4 Rd8 36. Ne6+ 1-0

[Event "C.to Italiano U16"]
[Site "Porretta Terme ITA"]
[Date "2011.07.05"]
[Round "3"]
[White "Teutsch, Alexander"]
[Black "Spornberger, Maximilian"]
[Result "1-0"]
[WhiteElo "1896"]
[BlackElo "2155"]
[PlyCount "107"]
[EventDate "2011.07.03"]

1. d4 g6 2. c4 Bg7 3. Nc3 d6 4. e4 a6 5. f4 c6 6. Nf3 b5 7. e5 Nh6 8. a4 b4 9.
Ne4 Bg4 10. Be2 Nf5 11. O-O d5 12. Neg5 h6 13. h3 hxg5 14. hxg4 Ng3 15. Nxg5
Nxf1 16. Bxf1 e6 17. f5 Bh6 18. Nf3 gxf5 19. gxf5 exf5 20. Bd3 f4 21. Qe2 Qe7
22. cxd5 cxd5 23. Bd2 Nc6 24. Rc1 Qb7 25. Rc5 Ne7 26. e6 f6 27. Ne5 f3 28. Nxf3
Bxd2 29. Qxd2 Rc8 30. Qf4 Rxc5 31. dxc5 Qc6 32. Qd6 Kf8 33. Nd4 Qxa4 34. Nf5
Qe8 35. c6 Rh7 36. c7 Kg8 37. Nxe7+ Rxe7 38. Qxe7 Qxe7 39. c8=Q+ Qf8 40. Qc7
Qh6 41. Qd8+ Kg7 42. Qe7+ Kg8 43. Qf7+ Kh8 44. Qe8+ Kg7 45. Qd7+ Kh8 46. Qxd5
Qc1+ 47. Kh2 Qf4+ 48. Kh3 Qh6+ 49. Kg4 Qg7+ 50. Kh4 f5 51. Qd8+ Kh7 52. Qd7 a5
53. Bxf5+ Kh6 54. Qd2+ 1-0

[Event "C.to Italiano U16"]
[Site "Porretta Terme ITA"]
[Date "2011.07.05"]
[Round "3"]
[White "Tirelli, Mauro"]
[Black "Boscolo, Federico"]
[Result "0-1"]
[WhiteElo "1901"]
[BlackElo "2210"]
[PlyCount "111"]
[EventDate "2011.07.03"]

1. d4 Nf6 2. Bg5 c5 3. Bxf6 gxf6 4. d5 Qb6 5. Qc1 f5 6. g3 Qh6 7. e3 d6 8. Na3
a6 9. Nc4 Nd7 10. a4 b6 11. Bg2 Rb8 12. Ne2 Bg7 13. Nf4 O-O 14. O-O Ne5 15.
Nxe5 Bxe5 16. c3 Bd7 17. Qc2 Kh8 18. Rfd1 Rg8 19. Kh1 a5 20. Bf1 Rg5 21. Rab1
Rbg8 22. Be2 Qf8 23. Qb3 Qb8 24. Bb5 Bc8 25. Rd2 Qc7 26. Rbd1 Bb7 27. Kg1 Bf6
28. Qc4 Ra8 29. Kf1 Qc8 30. Ke2 Ba6 31. Ra1 Bxb5 32. Qxb5 Qa6 33. Qxa6 Rxa6 34.
Ra3 c4 35. Rd1 Rg8 36. Kd2 Rc8 37. Kc2 Rc5 38. h4 Be5 39. Raa1 Bxf4 40. exf4
Kg7 41. Rd4 Kf6 42. Re1 Ra7 43. Re2 Rb7 44. Red2 b5 45. axb5 Rcxb5 46. Kb1 Rc7
47. Kc2 a4 48. Rd1 Rcb7 49. Rxc4 Rxb2+ 50. Kd3 Rxf2 51. Rxa4 Rf3+ 52. Kc2 Rxg3
53. Rh1 Rc7 54. c4 Rf3 55. Kd2 Rxf4 56. c5 0-1

[Event "C.to Italiano U16"]
[Site "Porretta Terme ITA"]
[Date "2011.07.05"]
[Round "4"]
[White "Boscolo, Federico"]
[Black "Varvaglione, Antonio"]
[Result "1-0"]
[WhiteElo "2210"]
[BlackElo "1936"]
[PlyCount "79"]
[EventDate "2011.07.03"]

1. e4 c5 2. c3 d6 3. d4 Qc7 4. Nf3 e5 5. dxe5 dxe5 6. Na3 a6 7. Nc4 Nc6 8. Be2
Nf6 9. Qc2 b5 10. Ne3 Be6 11. a4 Rb8 12. axb5 axb5 13. Ng5 Be7 14. Nxe6 fxe6
15. O-O O-O 16. Ng4 Nd7 17. f3 c4 18. b3 Na5 19. bxc4 bxc4 20. Be3 Bc5 21. Bxc5
Qxc5+ 22. Nf2 Rb5 23. Rfd1 Qc7 24. Rab1 Rxb1 25. Rxb1 Rb8 26. Rxb8+ Qxb8 27.
Qa4 Qc7 28. Qb5 h6 29. g3 Kh7 30. Ng4 Qa7+ 31. Kg2 h5 32. Nxe5 Qe3 33. Qxd7
Qxe2+ 34. Kh3 Qf1+ 35. Kh4 Qg2 36. h3 Nb3 37. Nf7 Nd2 38. Ng5+ Kh6 39. Qxe6+ g6
40. Qf6 1-0

[Event "C.to Italiano U16"]
[Site "Porretta Terme ITA"]
[Date "2011.07.05"]
[Round "4"]
[White "Bozza, Stefano"]
[Black "Sorbera, Giovanni"]
[Result "0-1"]
[WhiteElo "1851"]
[BlackElo "2197"]
[PlyCount "44"]
[EventDate "2011.07.03"]

1. e4 Nf6 2. Nc3 d5 3. e5 Ne4 4. Nxe4 dxe4 5. d4 exd3 6. Qxd3 Qxd3 7. Bxd3 Nc6
8. Bf4 e6 9. O-O-O Bd7 10. Ne2 Be7 11. h3 O-O-O 12. Be4 f5 13. exf6 gxf6 14.
Be3 f5 15. Bxc6 Bxc6 16. Rhg1 Rxd1+ 17. Kxd1 Rg8 18. g3 Bf3 19. Ke1 c5 20. Bd2
h5 21. Nc1 Rd8 22. Nd3 Bf6 0-1

[Event "C.to Italiano U16"]
[Site "Porretta Terme ITA"]
[Date "2011.07.05"]
[Round "4"]
[White "De Filomeno, Simone"]
[Black "Gregori, Giacomo"]
[Result "1-0"]
[WhiteElo "2300"]
[BlackElo "2005"]
[PlyCount "41"]
[EventDate "2011.07.03"]

1. e4 d5 2. exd5 Qxd5 3. Nc3 Qa5 4. Bc4 Nf6 5. d3 Bf5 6. Bd2 c6 7. Qe2 e6 8. h3
h5 9. Nf3 Nbd7 10. O-O-O Bb4 11. a3 Bxc3 12. Bxc3 Qc7 13. Qe3 Qb6 14. Nd4 Bg6
15. Qg5 e5 16. Ne6 Nh7 17. Nxg7+ Kf8 18. Ne6+ Ke8 19. Qh6 Ke7 20. Nf4 Bf5 21.
Qxh5 1-0

[Event "C.to Italiano U16"]
[Site "Porretta Terme ITA"]
[Date "2011.07.05"]
[Round "4"]
[White "Distaso, Antonio"]
[Black "Altini, Nicola"]
[Result "0-1"]
[WhiteElo "2022"]
[BlackElo "2267"]
[PlyCount "130"]
[EventDate "2011.07.03"]

1. e4 c5 2. Nf3 e6 3. d4 cxd4 4. Nxd4 Nc6 5. Nc3 d6 6. Be2 Be7 7. Be3 Nf6 8.
O-O O-O 9. Nb3 a6 10. a4 b6 11. f4 Bb7 12. Bf3 Nd7 13. Qe1 Nc5 14. Qf2 Qc7 15.
Rfd1 Rac8 16. Nd4 Nxd4 17. Bxd4 Nd7 18. Rd2 Qd8 19. Rad1 e5 20. Be3 exf4 21.
Bxf4 Ne5 22. Nd5 Bxd5 23. Rxd5 Qc7 24. c3 Qc6 25. Qc2 Qb7 26. Kh1 Rc5 27. Bxe5
dxe5 28. Bg4 Rxd5 29. Rxd5 Qc7 30. Qd3 Qc6 31. Bd1 a5 32. Rxe5 Qf6 33. Rf5 Qh4
34. Bb3 Bf6 35. Bd5 Be5 36. g3 Qe7 37. Kg2 g6 38. Rf1 h5 39. Qe3 Qd6 40. Qg5
Kg7 41. Qe3 f5 42. Rf3 f4 43. gxf4 Bxf4 44. Qd4+ Be5 45. Qf2 Rxf3 46. Qxf3 Bxh2
47. Qh3 Be5 48. Qf3 Qe7 49. Kh3 Qd7+ 50. Kg2 Qe7 51. Kh3 Qd7+ 52. Kg2 Qe8 53.
Qf2 Bc7 54. Qd4+ Qe5 55. b3 g5 56. Be6 Kh6 57. Qxe5 Bxe5 58. c4 g4 59. Bf5 Kg5
60. Kf2 h4 61. Kg2 h3+ 62. Kh1 Kh4 63. c5 g3 64. cxb6 g2+ 65. Kg1 Bd4+ 0-1

[Event "C.to Italiano U16"]
[Site "Porretta Terme ITA"]
[Date "2011.07.05"]
[Round "4"]
[White "Paltrinieri, Nicholas"]
[Black "Teutsch, Alexander"]
[Result "0-1"]
[WhiteElo "2116"]
[BlackElo "1896"]
[PlyCount "84"]
[EventDate "2011.07.03"]

1. f4 g6 2. Nf3 d5 3. e3 Bg7 4. Be2 Nf6 5. O-O O-O 6. d3 c5 7. a4 Nc6 8. Qe1 b6
9. Na3 a6 10. Rb1 Rb8 11. c4 Qc7 12. Kh1 Bd7 13. cxd5 Nxd5 14. Nc4 Rbd8 15. Qh4
Ndb4 16. Ra1 Bc8 17. Ra3 e6 18. Bd2 Ne7 19. e4 f5 20. Rb3 a5 21. Bc3 fxe4 22.
Ng5 h6 23. Nxe4 Nf5 24. Qg4 Kh7 25. Ne5 Bxe5 26. Bxe5 Qe7 27. Qh3 Bb7 28. Bf3
Nxd3 29. Rxb6 Bxe4 30. g4 Nxe5 31. Bxe4 Nd6 32. Rxd6 Qxd6 33. fxe5 Rxf1+ 34.
Qxf1 Qd1 35. Qxd1 Rxd1+ 36. Kg2 Rd2+ 37. Kg3 Rxb2 38. h4 Kg7 39. Kf3 Rb4 40.
Bc6 c4 41. Ke3 c3 42. h5 c2 0-1

[Event "C.to Italiano U16"]
[Site "Porretta Terme ITA"]
[Date "2011.07.06"]
[Round "5"]
[White "Boraso, Alessio"]
[Black "Spornberger, Maximilian"]
[Result "0-1"]
[WhiteElo "1925"]
[BlackElo "2155"]
[PlyCount "56"]
[EventDate "2011.07.03"]

1. d4 g6 2. c4 Bg7 3. e4 d6 4. Nc3 a6 5. f4 Nf6 6. Nf3 O-O 7. Be2 c5 8. d5 b5
9. cxb5 axb5 10. Bxb5 Nxe4 11. Nxe4 Qa5+ 12. Nc3 Bxc3+ 13. bxc3 Qxb5 14. Qe2
Qxe2+ 15. Kxe2 Ba6+ 16. Kf2 Bc4 17. Rd1 Rxa2+ 18. Rxa2 Bxa2 19. f5 Nd7 20. Re1
Re8 21. Bf4 Nf6 22. Bg5 Nxd5 23. Re2 Bc4 24. Re1 gxf5 25. Nd2 Ba6 26. c4 f6 27.
Bh4 Nb4 28. Re3 Kf7 0-1

[Event "C.to Italiano U16"]
[Site "Porretta Terme ITA"]
[Date "2011.07.06"]
[Round "5"]
[White "Teutsch, Alexander"]
[Black "De Filomeno, Simone"]
[Result "0-1"]
[WhiteElo "1896"]
[BlackElo "2300"]
[PlyCount "60"]
[EventDate "2011.07.03"]

1. d4 d5 2. c4 e6 3. Nc3 Nf6 4. Bg5 c6 5. e3 Nbd7 6. cxd5 exd5 7. Bd3 Be7 8.
Qc2 Nf8 9. Nge2 Ne6 10. h4 g6 11. O-O O-O 12. f3 Ng7 13. e4 dxe4 14. fxe4 Ne6
15. e5 Nd5 16. Bxe7 Nxe7 17. Rad1 Nxd4 18. Nxd4 Qxd4+ 19. Kh1 Qxe5 20. Rde1 Qc5
21. Qd2 Nd5 22. Ne4 Qd4 23. Qh6 Qg7 24. Qg5 Bf5 25. Rxf5 gxf5 26. Qxf5 Rae8 27.
Bc4 Kh8 28. Bxd5 Re5 29. Qf2 cxd5 30. Nc3 d4 0-1

[Event "C.to Italiano U16"]
[Site "Porretta Terme ITA"]
[Date "2011.07.06"]
[Round "5"]
[White "Zinnai, Graziano Matteo"]
[Black "Stella, Luca"]
[Result "0-1"]
[WhiteElo "1882"]
[BlackElo "2090"]
[PlyCount "68"]
[EventDate "2011.07.03"]

1. e4 e6 2. d3 d5 3. Nd2 Nf6 4. c3 Bc5 5. g3 dxe4 6. dxe4 e5 7. h3 a5 8. Ngf3
Nc6 9. Bg2 O-O 10. O-O b6 11. Re1 Ba6 12. Bf1 Bd3 13. Bxd3 Qxd3 14. Qe2 Qxe2
15. Rxe2 Nd7 16. a4 f6 17. Kg2 Nd8 18. Nc4 Ne6 19. Bd2 Rfd8 20. Rd1 Bf8 21. Ra1
Ndc5 22. Be1 Nb3 23. Rb1 Nec5 24. Nfd2 Nxd2 25. Bxd2 Nxa4 26. b4 axb4 27. cxb4
Rd4 28. Rc1 Rad8 29. Ra1 b5 30. Nb2 Rxd2 31. Rxd2 Rxd2 32. Nxa4 bxa4 33. Rxa4
Rb2 34. Ra7 Rxb4 0-1

[Event "C.to Italiano U16"]
[Site "Porretta Terme ITA"]
[Date "2011.07.07"]
[Round "6"]
[White "Boscolo, Federico"]
[Black "Bisi, Samuele"]
[Result "1-0"]
[WhiteElo "2210"]
[BlackElo "1977"]
[PlyCount "63"]
[EventDate "2011.07.03"]

1. e4 e5 2. Nf3 Nc6 3. Bc4 Nf6 4. d3 Bc5 5. c3 O-O 6. O-O d6 7. h3 h6 8. Bb3 a6
9. Bc2 Ba7 10. Re1 Ne7 11. Nbd2 Ng6 12. Nf1 Be6 13. d4 c6 14. Ng3 Qd7 15. Kh2
Nf4 16. Bxf4 exf4 17. Ne2 g5 18. Qd2 Kh8 19. e5 Nh5 20. Qd3 f5 21. exd6 Qxd6
22. Ne5 Rg8 23. Qf3 g4 24. hxg4 fxg4 25. Qe4 g3+ 26. fxg3 fxg3+ 27. Nxg3 Nf6
28. Ng6+ Rxg6 29. Qxg6 Ng4+ 30. Kh1 Nf2+ 31. Kg1 Nh3+ 32. Kh2 1-0

[Event "C.to Italiano U16"]
[Site "Porretta Terme ITA"]
[Date "2011.07.07"]
[Round "6"]
[White "De Filomeno, Simone"]
[Black "Sorbera, Giovanni"]
[Result "1-0"]
[WhiteElo "2300"]
[BlackElo "2197"]
[PlyCount "63"]
[EventDate "2011.07.03"]

1. e4 Nf6 2. e5 Nd5 3. d4 d6 4. c4 Nb6 5. f4 dxe5 6. fxe5 Nc6 7. Be3 Bf5 8. Nc3
e6 9. Nf3 Bb4 10. Be2 Qd7 11. O-O Na5 12. Nd2 Bxc3 13. bxc3 O-O 14. g4 Bg6 15.
h4 h6 16. Rf2 Qa4 17. Qf1 Qa3 18. Rc1 Na4 19. h5 Bh7 20. Nb3 Nxb3 21. axb3 Qxb3
22. Bd1 Qa3 23. Bxa4 Qxa4 24. g5 hxg5 25. Bxg5 Qe8 26. Bf6 gxf6 27. Rg2+ Bg6
28. exf6 Qc6 29. Qf4 e5 30. Qh6 Qxf6 31. hxg6 Qh8 32. Qxh8+ 1-0

[Event "C.to Italiano U16"]
[Site "Porretta Terme ITA"]
[Date "2011.07.07"]
[Round "6"]
[White "Spornberger, Maximilian"]
[Black "Iezzi, Christian"]
[Result "1-0"]
[WhiteElo "2155"]
[BlackElo "1829"]
[PlyCount "63"]
[EventDate "2011.07.03"]

1. e4 e5 2. Nf3 Nc6 3. d4 exd4 4. Bc4 Bc5 5. c3 Nf6 6. cxd4 Bb4+ 7. Bd2 Nxe4 8.
Bxb4 Nxb4 9. Bxf7+ Kxf7 10. Qb3+ d5 11. Qxb4 Rf8 12. O-O Kg8 13. Nbd2 Nxd2 14.
Qxd2 c6 15. b4 a6 16. a4 Bd7 17. Ne5 Re8 18. Rab1 Qc7 19. Rfc1 Qb6 20. f4 Bf5
21. Rb3 Be4 22. b5 cxb5 23. axb5 a5 24. Qc3 h6 25. Qc7 Qxc7 26. Rxc7 Rec8 27.
Rxb7 Rc1+ 28. Kf2 Rc2+ 29. Ke1 a4 30. Rg3 Rxg2 31. Rbxg7+ Kf8 32. Rg8+ 1-0

[Event "C.to Italiano U16"]
[Site "Porretta Terme ITA"]
[Date "2011.07.07"]
[Round "7"]
[White "Altini, Nicola"]
[Black "De Filomeno, Simone"]
[Result "1/2-1/2"]
[WhiteElo "2267"]
[BlackElo "2300"]
[PlyCount "41"]
[EventDate "2011.07.03"]

1. Nf3 d5 2. c4 e6 3. g3 Nf6 4. Bg2 dxc4 5. Qa4+ Nbd7 6. Qxc4 a6 7. Qc2 c5 8.
O-O Bd6 9. d4 O-O 10. Nc3 h6 11. Rd1 Qc7 12. e4 cxd4 13. Nxd4 Be5 14. Qe2 Nb6
15. Bf1 Bxd4 16. Rxd4 e5 17. Rd1 Be6 18. Be3 Nc4 19. Rac1 Nxe3 20. Qxe3 Qe7 21.
Rd2 1/2-1/2

[Event "C.to Italiano U16"]
[Site "Porretta Terme ITA"]
[Date "2011.07.07"]
[Round "7"]
[White "Brociner, Beniamino"]
[Black "Spornberger, Maximilian"]
[Result "0-1"]
[WhiteElo "1897"]
[BlackElo "2155"]
[PlyCount "98"]
[EventDate "2011.07.03"]

1. e4 g6 2. d4 Bg7 3. c3 d6 4. f4 Nf6 5. Bd3 O-O 6. Nf3 Nbd7 7. O-O e5 8. h3
Re8 9. Qc2 Qe7 10. Re1 b6 11. Be3 Bb7 12. Nbd2 Nh5 13. fxe5 dxe5 14. d5 Nf4 15.
c4 Nxd3 16. Qxd3 Nc5 17. Qc2 a5 18. a3 a4 19. Rf1 Bc8 20. b4 axb3 21. Nxb3 Nxb3
22. Qxb3 Bd7 23. Rfc1 Ra4 24. Nd2 Rea8 25. c5 bxc5 26. Bxc5 Qg5 27. Be3 Qd8 28.
Bc5 Bh6 29. Be3 Bf8 30. Nc4 Qh4 31. Nxe5 Bxh3 32. Bf2 Qxe4 33. Qxh3 Qxe5 34.
Qb3 Rxa3 35. Rxa3 Rxa3 36. Qb8 Ra1 37. Rxa1 Qxa1+ 38. Kh2 Qe5+ 39. Bg3 Qxd5 40.
Bxc7 f6 41. Bg3 Kg7 42. Qc7+ Qf7 43. Qc1 Qd7 44. Qc3 Bd6 45. Bxd6 Qxd6+ 46. Kh1
h5 47. Qb3 Qe7 48. Qc3 g5 49. Kh2 Qe5+ 0-1

[Event "C.to Italiano U16"]
[Site "Porretta Terme ITA"]
[Date "2011.07.07"]
[Round "7"]
[White "Paltrinieri, Nicholas"]
[Black "Tirelli, Mauro"]
[Result "1/2-1/2"]
[WhiteElo "2116"]
[BlackElo "1901"]
[PlyCount "113"]
[EventDate "2011.07.03"]

1. f4 d5 2. Nf3 g6 3. e3 Bg7 4. Be2 Nf6 5. O-O O-O 6. d3 c5 7. a4 Nc6 8. Qe1
Qc7 9. Nc3 e5 10. e4 dxe4 11. dxe4 exf4 12. Qh4 Be6 13. Bxf4 Qb6 14. Rab1 Nd4
15. Be5 Nxe2+ 16. Nxe2 Bc4 17. Nc3 Bxf1 18. Rxf1 Rae8 19. Ng5 h5 20. Rxf6 Bxf6
21. Nd5 Bxe5 22. Nxb6 axb6 23. c3 Bf6 24. h3 Bxg5 25. Qxg5 Rxe4 26. Qd5 Rfe8
27. Qxb7 R8e6 28. Qc8+ Kg7 29. b4 cxb4 30. cxb4 R6e5 31. Qc7 Re6 32. Qc3+ Kh7
33. Qc7 Rf6 34. Qd8 Rff4 35. a5 bxa5 36. bxa5 Ra4 37. Qc7 Rf5 38. Qc2 Rfxa5 39.
Kh2 Ra2 40. Qb3 Ra7 41. Qc4 Rf2 42. Qb3 Raa2 43. Kh1 h4 44. Qc4 Kg7 45. Qd4+ f6
46. Qd7+ Kh6 47. Qe7 Rf1+ 48. Kh2 Raa1 49. Qf8+ Kh5 50. Qc5+ g5 51. g4+ Kg6 52.
Kg2 Rfe1 53. Qc4 Ra7 54. Qg8+ Rg7 55. Qd5 Re5 56. Qd3+ Kh6 57. Qd8 1/2-1/2